[Event "Crewe Open"]
[Site "Crewe"]
[Date "2025.06.28"]
[Round "2.2"]
[White "Blackburn, Jonathan LB"]
[Black "Vaddhireddy, Sai"]
[Result "1/2-1/2"]
[WhiteElo "2207"]
[BlackElo "1946"]
[PlyCount "93"]
[EventDate "2025.06.27"]
[EventType "swiss"]
[EventRounds "5"]
[EventCountry "ENG"]
[SourceTitle "BritBase"]
[Source "John Saunders"]
[SourceDate "2025.07.10"]
[SourceVersion "1"]
[SourceVersionDate "2025.07.10"]
[SourceQuality "1"]

1. d4 d5 2. c4 c6 3. Nc3 Nf6 4. Nf3 dxc4 5. e4 b5 6. Qc2 e6 7. Be2 Bb7 8. O-O Nbd7 9. b3 cxb3 10. axb3 Be7 11. e5 Nd5 12. Ne4 h6 13. Bd2 a5 14. h4 O-O 15. Qc1 f5 16. exf6 N5xf6 17. Ng3 Bd6 18. Bd3 Ng4 19. Qe1 Qe7 20. Qe4 Ndf6 21. Qg6 Qf7 22. Bxa5 Qxg6 23. Bxg6 Nxf2 24. Rxf2 Bxg3 25. Re2 Nd5 26. h5 Nf4 27. Rea2 Nxg6 28. hxg6 Bd6 29. Bb6 Rxa2 30. Rxa2 Ra8 31. Rxa8+ Bxa8 32. Bc5 Bxc5 33. dxc5 Kf8 34. Kf2 Ke7 35. Ke3 Kf6 36. Kf4 Bb7 37. b4 Bc8 38. Ne5 Bb7 39. g3 Ke7 40. Ke4 Kf6 41. Kf4 Ke7 42. g4 Kf6 43. Nf7 Bc8 44. Ne5 Bb7 45. Nf3 Bc8 46. Ne5 Bb7 47. Ke4 1/2-1/2

[Event "Crewe Open"]
[Site "Crewe"]
[Date "2025.06.28"]
[Round "2.3"]
[White "Crawford, Owen"]
[Black "De Coverly, Roger D"]
[Result "0-1"]
[WhiteElo "2124"]
[BlackElo "1937"]
[PlyCount "198"]
[EventDate "2025.06.27"]
[EventType "swiss"]
[EventRounds "5"]
[EventCountry "ENG"]
[SourceTitle "BritBase"]
[Source "John Saunders"]
[SourceDate "2025.07.10"]
[SourceVersion "1"]
[SourceVersionDate "2025.07.10"]
[SourceQuality "1"]

1. e4 e5 2. Nf3 Nc6 3. Bc4 Nf6 4. d3 Be7 5. O-O O-O 6. Re1 d6 7. a4 Na5 8. Ba2 c5 9. c3 Be6 10. Bxe6 fxe6 11. b4 cxb4 12. cxb4 Nc6 13. b5 Nd4 14. Nbd2 Nxf3+ 15. Nxf3 Qd7 16. d4 exd4 17. Nxd4 Kh8 18. Qb3 d5 19. exd5 exd5 20. h3 Ne4 21. Be3 Rac8 22. Rac1 Nc5 23. Qa2 Nd3 24. Rxc8 Rxc8 25. Rd1 Nb4 26. Qb3 a5 27. Ne2 Bc5 28. Bxc5 Rxc5 29. Qf3 Kg8 30. Nd4 Qf7 31. Qg3 Rc8 32. Qg4 Rf8 33. Rd2 Qf4 34. Qe2 Qf7 35. Qg4 Qf4 36. Qe6+ Qf7 37. Qb6 Qe7 38. Rd1 Qf6 39. Qc6 Qe6 40. Qxe6+ Rf7 41. Qf6 Rxf6 42. g3 Kf7 43. Rc1 Ke8 44. Rc8+ Kd7 45. Ra8 Kd6 46. f4 Kc5 47. Nb3+ Kb6 48. Re8 Rd6 49. Nd4 Nd3 50. Re2 Nc5 51. Ra2 Ne4 52. Kg2 Kc5 53. Nf5 Rd7 54. Kf3 Kb4 55. Nd4 Nc3 56. Ra1 Kc4 57. Nc2 d4 58. g4 d3 59. Ne3+ Kb3 60. f5 Nxa4 61. g5 b6 62. Kf4 Nc5 63. f6 gxf6 64. gxf6 a4 65. Ke5 a3 66. Nd1 d2 67. Rb1+ Kc2 68. Ra1 a2 69. Ne3+ Kd3 70. Nd1 Ra7 71. Kd6 Ke2 72. Nc3+ Kd3 73. Nd1 Nb3 74. f7 Rxf7 75. Rxa2 Rf1 76. Nb2+ Kc2 77. Nc4+ Kc1 78. Nxd2 Nxd2 79. Ra1+ Nb1 80. Kc7 Rf6 81. Ra6 Nc3 82. Kb7 Nxb5 83. Ra4 Kd2 84. Rh4 h6 85. Ka6 Nc3 86. Rd4+ Ke3 87. Rb4 Nd5 88. Rb3+ Kd4 89. Rb1 Kc4 90. Rc1+ Nc3 91. Rg1 b5+ 92. Ka5 Rf5 93. Rg4+ Kb3 94. Rb4+ Kc2 95. h4 h5 96. Ka6 Kd3 97. Ka5 Rc5 98. Rf4 Rc4 99. Rf3+ Kc2 0-1

[Event "Crewe Open"]
[Site "Crewe"]
[Date "2025.06.28"]
[Round "2.4"]
[White "Gomez, Daniel"]
[Black "Vaidyanathan, Adithya"]
[Result "0-1"]
[WhiteElo "2009"]
[BlackElo "2111"]
[PlyCount "92"]
[EventDate "2025.06.27"]
[EventType "swiss"]
[EventRounds "5"]
[EventCountry "ENG"]
[SourceTitle "BritBase"]
[Source "John Saunders"]
[SourceDate "2025.07.10"]
[SourceVersion "1"]
[SourceVersionDate "2025.07.10"]
[SourceQuality "1"]

1. e4 c5 2. Nf3 Nc6 3. Bb5 g6 4. Bxc6 dxc6 5. d3 Bg7 6. h3 Nf6 7. Nc3 Nd7 8. Be3 b6 9. Qd2 h6 10. O-O e5 11. Nh2 Nf8 12. a4 a5 13. f4 exf4 14. Bxf4 Ne6 15. Be3 h5 16. Nf3 Nd4 17. Rae1 O-O 18. Bf4 Ba6 19. e5 c4 20. dxc4 Nxf3+ 21. Rxf3 Qxd2 22. Bxd2 Bxc4 23. Bg5 Rfe8 24. Bf6 Re6 25. b3 Bxf6 26. Rxf6 Rxf6 27. exf6 Be6 28. Ne4 Bf5 29. g4 hxg4 30. hxg4 Re8 31. gxf5 gxf5 32. Kf2 Rxe4 33. Rd1 Re6 34. Kf3 Rxf6 35. Kf4 Kg7 36. Rd8 c5 37. Rb8 c4 38. Rd8 Re6 39. Rd5 Kg6 40. Rb5 cxb3 41. cxb3 Re4+ 42. Kf3 Rb4 43. Rd5 Rxb3+ 44. Kg2 Kg5 45. Rd7 Rb4 46. Rb7 Kg4 0-1

[Event "Crewe Open"]
[Site "Crewe"]
[Date "2025.06.28"]
[Round "2.5"]
[White "Surtees, Michael J"]
[Black "Ashton, Alannah"]
[Result "1-0"]
[WhiteElo "2100"]
[BlackElo "1846"]
[PlyCount "96"]
[EventDate "2025.06.27"]
[EventType "swiss"]
[EventRounds "5"]
[EventCountry "ENG"]
[SourceTitle "BritBase"]
[Source "John Saunders"]
[SourceDate "2025.07.10"]
[SourceVersion "1"]
[SourceVersionDate "2025.07.10"]
[SourceQuality "1"]

1. e4 c5 2. d3 Nc6 3. f4 d5 4. Be2 e5 5. exd5 Qxd5 6. Nf3 exf4 7. Bxf4 Bf5 8. Nc3 Qd7 9. O-O Nf6 10. Kh1 Bd6 11. Bxd6 Qxd6 12. d4 a6 13. Bd3 Bxd3 14. Re1+ Ne7 15. dxc5 Qxc5 16. Qxd3 O-O 17. Rad1 Ng6 18. Ne4 Nxe4 19. Rxe4 Qa5 20. a3 Rad8 21. Rd4 Nf4 22. Qe4 Ne6 23. Rxd8 Rxd8 24. Rxd8+ Qxd8 25. Qxb7 Qd1+ 26. Ng1 Qxc2 27. Qxa6 Qxb2 28. Qa8+ Nf8 29. a4 g6 30. a5 Kg7 31. a6 Nd7 32. a7 Nb6 33. Qb8 Qd4 34. h3 h5 35. Nf3 Qf2 36. a8=Q Nxa8 37. Qxa8 Qf1+ 38. Kh2 Qc4 39. Qb8 f6 40. Qd6 g5 41. Nd4 Kg6 42. Qd7 Qf1 43. Qe8+ Kh6 44. Qe4 Kg7 45. Nf5+ Kf7 46. Ng3 Qd1 47. Qh7+ Ke6 48. Qxh5 Kd5 1-0

[Event "Crewe Open"]
[Site "Crewe"]
[Date "2025.06.28"]
[Round "2.6"]
[White "Bennett, Patrick"]
[Black "Chan, Sheng Liang Bernard"]
[Result "0-1"]
[WhiteElo "1970"]
[BlackElo "2099"]
[PlyCount "91"]
[EventDate "2025.06.27"]
[EventType "swiss"]
[EventRounds "5"]
[EventCountry "ENG"]
[SourceTitle "BritBase"]
[Source "John Saunders"]
[SourceDate "2025.07.10"]
[SourceVersion "1"]
[SourceVersionDate "2025.07.10"]
[SourceQuality "1"]

1. d4 Nf6 2. Nf3 d5 3. c4 e6 4. Nc3 c5 5. cxd5 Nxd5 6. e3 Nc6 7. Be2 cxd4 8. exd4 Be7 9. O-O O-O 10. Qb3 Bf6 11. Nxd5 Qxd5 12. Qxd5 exd5 13. Be3 Bf5 14. a3 a5 15. Rac1 Rfe8 16. Bb5 Re6 17. Rc5 Be4 18. Rfc1 Be7 19. Bxc6 bxc6 20. Rxc6 Rxc6 21. Rxc6 Rb8 22. Bf4 Rxb2 23. Rc8+ Bf8 24. h3 Rb6 25. Bd2 Ra6 26. a4 f6 27. Bc1 Kf7 28. Nd2 Bd6 29. Nxe4 dxe4 30. d5 Rb6 31. Rc6 Rxc6 32. dxc6 Ke6 33. Be3 Bc7 34. Kf1 Kd5 35. Ke2 Kxc6 36. Bd4 Kd5 37. Bb2 Bb6 38. g4 Kc4 39. g5 fxg5 40. Bxg7 h5 41. Bh6 g4 42. hxg4 hxg4 43. Be3 Bxe3 44. Kxe3 Kb4 45. Kxe4 Kxa4 46. Kd4 0-1

[Event "Crewe Open"]
[Site "Crewe"]
[Date "2025.06.28"]
[Round "2.7"]
[White "Doherty, Paul D"]
[Black "White, Stuart A"]
[Result "0-1"]
[WhiteElo "1832"]
[BlackElo "2084"]
[PlyCount "112"]
[EventDate "2025.06.27"]
[EventType "swiss"]
[EventRounds "5"]
[EventCountry "ENG"]
[SourceTitle "BritBase"]
[Source "John Saunders"]
[SourceDate "2025.07.10"]
[SourceVersion "1"]
[SourceVersionDate "2025.07.10"]
[SourceQuality "1"]

1. e4 c5 2. Nc3 Nc6 3. f4 g6 4. Nf3 Bg7 5. Bc4 e6 6. O-O Nge7 7. Qe1 O-O 8. a3 d5 9. Ba2 dxe4 10. Nxe4 b6 11. d3 Nd4 12. Nxd4 Qxd4+ 13. Qf2 Bb7 14. Qxd4 Bxd4+ 15. Kh1 Rfd8 16. Rb1 Rac8 17. Re1 Nf5 18. Bd2 h5 19. Bc3 Bxe4 20. dxe4 Bxc3 21. bxc3 Nd6 22. a4 Nb7 23. f5 c4 24. fxe6 fxe6 25. Rbd1 Rxd1 26. Rxd1 Rc7 27. Rd4 Na5 28. Rd6 Kf7 29. e5 Rc5 30. Kg1 Rxe5 31. Rd4 Rc5 32. Rd7+ Kf6 33. Rxa7 Rd5 34. Kf2 Rd2+ 35. Kf3 Rxc2 36. Bb1 Rxc3+ 37. Ke2 Rb3 38. Bc2 Rb2 39. Kd2 Nc6 40. Rb7 Nd4 41. Kc3 Rxc2+ 42. Kxd4 Ra2 43. Rxb6 Rxa4 44. Rb2 g5 45. Rf2+ Ke7 46. Kc3 Kd6 47. Rd2+ Kc5 48. Re2 Ra3+ 49. Kb2 Rb3+ 50. Kc2 Kd5 51. Rf2 Ra3 52. Kb2 Re3 53. Kc2 Kd4 54. Rd2+ Rd3 55. Re2 e5 56. Rf2 c3 0-1

[Event "Crewe Open"]
[Site "Crewe"]
[Date "2025.06.28"]
[Round "2.9"]
[White "Carroll, Thomas"]
[Black "Hilditch-Love, Daniel"]
[Result "1-0"]
[WhiteElo "2131"]
[BlackElo "1832"]
[PlyCount "59"]
[EventDate "2025.06.27"]
[EventType "swiss"]
[EventRounds "5"]
[EventCountry "ENG"]
[SourceTitle "BritBase"]
[Source "John Saunders"]
[SourceDate "2025.07.10"]
[SourceVersion "1"]
[SourceVersionDate "2025.07.10"]
[SourceQuality "1"]

1. d4 Nf6 2. Nf3 c5 3. d5 b5 4. Bg5 Qa5+ 5. c3 Ne4 6. Bf4 d6 7. e3 f5 8. Nbd2 Nxd2 9. Qxd2 g6 10. Bd3 Bg7 11. O-O O-O 12. Rfe1 a6 13. h4 Nd7 14. e4 fxe4 15. Bxe4 Nf6 16. Bh6 Bg4 17. Bxg7 Kxg7 18. Qg5 Ra7 19. Re3 Bxf3 20. Bxf3 h6 21. Qg3 Qa4 22. Rae1 Rf7 23. Bd1 Qxa2 24. Bc2 Qxd5 25. Bxg6 Kf8 26. Bxf7 Kxf7 27. Qf4 Qh5 28. Re6 a5 29. Qe3 Ng8 30. Qe4 1-0

[Event "Crewe Open"]
[Site "Crewe"]
[Date "2025.06.28"]
[Round "2.10"]
[White "Bolt, Graham"]
[Black "Ashton, Adam G"]
[Result "0-1"]
[WhiteElo "1942"]
[BlackElo "2276"]
[PlyCount "74"]
[EventDate "2025.06.27"]
[EventType "swiss"]
[EventRounds "5"]
[EventCountry "ENG"]
[SourceTitle "BritBase"]
[Source "John Saunders"]
[SourceDate "2025.07.10"]
[SourceVersion "1"]
[SourceVersionDate "2025.07.10"]
[SourceQuality "1"]

1. Nf3 d5 2. g3 g6 3. Bg2 Bg7 4. d4 Nf6 5. O-O c6 6. b3 O-O 7. Bb2 a5 8. a4 Bf5 9. Nbd2 Na6 10. c3 c5 11. dxc5 Nxc5 12. Nd4 Bd7 13. c4 e5 14. Nb5 d4 15. Ba3 b6 16. Bxa8 Qxa8 17. Re1 Bh3 18. f3 Rd8 19. Bxc5 bxc5 20. Qc2 Bf5 21. Qa2 h5 22. Rad1 e4 23. fxe4 Nxe4 24. Nf1 Ng5 25. h4 Bh3 26. e4 Nf3+ 27. Kf2 Nxe1 28. Rxe1 Qb7 29. Qd2 f5 30. Qxa5 Rf8 31. Kg1 fxe4 32. Qc7 Qxc7 33. Nxc7 d3 34. Nd5 Bd4+ 35. Nfe3 Be6 36. Kg2 Bxd5 37. cxd5 Bxe3 0-1

[Event "Crewe Open"]
[Site "Crewe"]
[Date "2025.06.28"]
[Round "2.11"]
[White "Longson Hegarty, Sarah N"]
[Black "Mitchell, Martin"]
[Result "0-1"]
[WhiteElo "1941"]
[BlackElo "2139"]
[PlyCount "80"]
[EventDate "2025.06.27"]
[EventType "swiss"]
[EventRounds "5"]
[EventCountry "ENG"]
[SourceTitle "BritBase"]
[Source "John Saunders"]
[SourceDate "2025.07.10"]
[SourceVersion "1"]
[SourceVersionDate "2025.07.10"]
[SourceQuality "1"]

1. e4 d6 2. d4 Nf6 3. Nc3 g6 4. Be3 c6 5. Qd2 Nbd7 6. f3 b5 7. g4 Bg7 8. Bh6 Bxh6 9. Qxh6 Qa5 10. Qd2 Nb6 11. Nb1 b4 12. g5 Nh5 13. b3 O-O 14. c3 bxc3 15. Nxc3 e5 16. Nge2 d5 17. O-O-O Qa3+ 18. Qb2 Qe7 19. h4 Rb8 20. Nb1 dxe4 21. fxe4 Bg4 22. Rg1 Bf3 23. Nd2 Bxe2 24. Bxe2 Nf4 25. Nb1 exd4 26. Rge1 c5 27. Qd2 Qc7 28. Na3 Ng2 29. Rh1 Ne3 30. Nb5 Qe7 31. Rdg1 a6 32. Na3 c4 33. b4 Qxe4 34. h5 c3 35. Qd3 Qxd3 36. Bxd3 Nbd5 37. hxg6 hxg6 38. Rh4 Nxb4 39. Bb1 d3 40. Bxd3 Nxd3# 0-1

[Event "Crewe Open"]
[Site "Crewe"]
[Date "2025.06.28"]
[Round "2.12"]
[White "Zak, Kamil"]
[Black "Hariharan, Shambavi"]
[Result "0-1"]
[WhiteElo "2090"]
[BlackElo "1936"]
[PlyCount "100"]
[EventDate "2025.06.27"]
[EventType "swiss"]
[EventRounds "5"]
[EventCountry "ENG"]
[SourceTitle "BritBase"]
[Source "John Saunders"]
[SourceDate "2025.07.10"]
[SourceVersion "1"]
[SourceVersionDate "2025.07.10"]
[SourceQuality "1"]

1. e4 e5 2. Nf3 Nc6 3. d4 exd4 4. Nxd4 Bc5 5. Be3 Qf6 6. c3 d6 7. Qd2 Bb6 8. Nxc6 bxc6 9. Na3 Qg6 10. f3 Ne7 11. Nc2 f5 12. Bd3 fxe4 13. Bxe4 Bf5 14. Bxf5 Qxf5 15. O-O-O O-O 16. Rde1 Qf7 17. Kb1 Rfb8 18. Ka1 Nd5 19. Qd3 Ba5 20. Nd4 Rxb2 21. Kxb2 Bxc3+ 22. Kc1 Nb4 23. Qf5 Qxa2 24. Qe6+ Qxe6 25. Nxe6 Bxe1 26. Bd4 Bh4 27. Nxc7 Rc8 28. Ne6 Bf6 29. Rd1 Bxd4 30. Rxd4 Nd5 31. Ng5 h6 32. Ne4 Rd8 33. Ra4 Rd7 34. Ra6 Nb6 35. Kc2 Kf7 36. Kd3 c5 37. Ra5 Nd5 38. g3 Ke7 39. Kc4 Nb4 40. Nc3 Ke6 41. h3 Nc6 42. Ra1 Ne5+ 43. Kb3 Rb7+ 44. Kc2 Nxf3 45. Rf1 Nd4+ 46. Kd3 d5 47. Re1+ Kd6 48. Ne2 Rb3+ 49. Kd2 Rb2+ 50. Kd3 Rxe2 0-1

[Event "Crewe Open"]
[Site "Crewe"]
[Date "2025.06.28"]
[Round "2.13"]
[White "Barwick, Carmel"]
[Black "Avadhoot Lokesh, Bhakti Brahme"]
[Result "1-0"]
[WhiteElo "1915"]
[BlackElo "2081"]
[PlyCount "197"]
[EventDate "2025.06.27"]
[EventType "swiss"]
[EventRounds "5"]
[EventCountry "ENG"]
[SourceTitle "BritBase"]
[Source "John Saunders"]
[SourceDate "2025.07.10"]
[SourceVersion "1"]
[SourceVersionDate "2025.07.10"]
[SourceQuality "1"]

1. e4 e5 2. Nf3 Nc6 3. Bc4 Nf6 4. d3 d5 5. exd5 Nxd5 6. O-O Be7 7. Re1 f6 8. d4 Nb6 9. Bb3 Nxd4 10. Nxd4 Qxd4 11. Qxd4 exd4 12. Bf4 Bf5 13. Bxc7 Kd7 14. Nd2 Bc5 15. Ne4 Kxc7 16. Nxc5 Rhe8 17. Be6 Bg6 18. f4 h5 19. f5 Bh7 20. Red1 Rad8 21. Bf7 Bxf5 22. Bxe8 Rxe8 23. Rxd4 Re2 24. Rc1 Nd7 25. Nd3 g5 26. Rf1 Be6 27. Re1 Rxe1+ 28. Nxe1 Ne5 29. Nd3 Nc6 30. Re4 Bd5 31. Re2 Kd6 32. Rd2 f5 33. b3 b5 34. h4 Ke7 35. hxg5 Bf7 36. Nf4 h4 37. g6 Bg8 38. c4 bxc4 39. bxc4 Bxc4 40. Rc2 Ne5 41. a4 Kf6 42. a5 a6 43. Rc3 Bb5 44. Rc7 Nxg6 45. Nxg6 Kxg6 46. Rb7 Bd3 47. Kh2 Kg5 48. Kh3 Bf1 49. Rh7 f4 50. Rg7+ Kf6 51. Rg8 Bc4 52. Rh8 Kg5 53. Ra8 Bf1 54. Kh2 Bc4 55. Rb8 Bd3 56. Rb6 Bc4 57. Kg1 Bd3 58. Kf2 Kg4 59. Rb4 Bc2 60. Rd4 Bb3 61. Rd6 Bc4 62. Rc6 Bd3 63. Rc5 Be4 64. Re5 Bd3 65. Re7 Bc4 66. Rg7+ Kf5 67. Rh7 Kg5 68. Rh8 Bb3 69. Ra8 Bc4 70. Ra7 Bb5 71. Kf3 Bc6+ 72. Kf2 Bb5 73. Rc7 Kg4 74. Re7 Kf5 75. Rh7 Kg5 76. Ke1 Bc6 77. Kf2 Bb5 78. Rg7+ Kf5 79. Rc7 Kg4 80. Rb7 Bc4 81. Rc7 Bd3 82. Rc5 Be4 83. Rc4 Bd3 84. Rc3 Bb5 85. Rb3 Bc4 86. Rb4 Bd3 87. Kg1 Bc2 88. Rd4 Bb3 89. Kh2 Be6 90. Rd6 Bc4 91. Rg6+ Kf5 92. Rg7 Bf1 93. Kg1 Bc4 94. Kf2 Bb5 95. Rh7 Kg5 96. Rg7+ Kf5 97. Kf3 Bc6+ 98. Ke2 Kf6 99. Rg4 1-0

[Event "Crewe Open"]
[Site "Crewe"]
[Date "2025.06.28"]
[Round "2.14"]
[White "Burnett, James"]
[Black "Vassiliou, Chris"]
[Result "1/2-1/2"]
[WhiteElo "2080"]
[BlackElo "1909"]
[PlyCount "59"]
[EventDate "2025.06.27"]
[EventType "swiss"]
[EventRounds "5"]
[EventCountry "ENG"]
[SourceTitle "BritBase"]
[Source "John Saunders"]
[SourceDate "2025.07.10"]
[SourceVersion "1"]
[SourceVersionDate "2025.07.10"]
[SourceQuality "1"]

1. d4 f5 2. g3 Nf6 3. Bg2 g6 4. b3 Bg7 5. Bb2 d5 6. Nf3 O-O 7. O-O c6 8. Nbd2 Ne4 9. c4 Nd7 10. Qc2 Ndf6 11. Rac1 Be6 12. e3 Rc8 13. Rfd1 Nxd2 14. Qxd2 Ne4 15. Qb4 Rb8 16. Ba3 Re8 17. Ne5 Qb6 18. Nd3 Rbd8 19. Nf4 Bf7 20. cxd5 Bxd5 21. Nxd5 Rxd5 22. Bf1 e6 23. Qxb6 axb6 24. Bb4 Bf8 25. Bxf8 Kxf8 26. a4 Ra5 27. Bd3 Nd6 28. Bc2 Ke7 29. f3 Raa8 30. Kf2 1/2-1/2

[Event "Crewe Open"]
[Site "Crewe"]
[Date "2025.06.28"]
[Round "2.15"]
[White "Pilley, Jack"]
[Black "Ellson, Louie"]
[Result "1-0"]
[WhiteElo "2016"]
[BlackElo "1855"]
[PlyCount "85"]
[EventDate "2025.06.27"]
[EventType "swiss"]
[EventRounds "5"]
[EventCountry "ENG"]
[SourceTitle "BritBase"]
[Source "John Saunders"]
[SourceDate "2025.07.10"]
[SourceVersion "1"]
[SourceVersionDate "2025.07.10"]
[SourceQuality "1"]

1. e4 c6 2. d4 d5 3. e5 Bf5 4. Nd2 e6 5. Nb3 Nd7 6. Nf3 Ne7 7. Be2 c5 8. dxc5 Nc6 9. Bb5 Bg4 10. Bxc6 bxc6 11. Qd4 Bxf3 12. gxf3 a5 13. a4 Qc7 14. f4 Be7 15. Bd2 f6 16. Bc3 O-O 17. Qe3 fxe5 18. fxe5 Bh4 19. O-O Be7 20. Kh1 Rf5 21. f4 Qa7 22. Bd4 Qa6 23. Rf2 Kh8 24. Qc3 g6 25. Be3 Rh5 26. Bd2 Qa7 27. Qxa5 Qxa5 28. Nxa5 Bxc5 29. Rf3 Rc8 30. b4 Ba7 31. c4 Bb6 32. Nb7 Rb8 33. Nd6 dxc4 34. Rc1 Bc7 35. Ne4 Rf5 36. Kg2 Nb6 37. a5 Nd5 38. Rxc4 Bd8 39. Nc5 Be7 40. Nxe6 Nxb4 41. Bxb4 Rxb4 42. Rxc6 Rb8 43. Rfc3 1-0

[Event "Crewe Open"]
[Site "Crewe"]
[Date "2025.06.28"]
[Round "2.17"]
[White "Lampard, Alice"]
[Black "Potter, John M"]
[Result "0-1"]
[WhiteElo "1827"]
[BlackElo "2007"]
[PlyCount "104"]
[EventDate "2025.06.27"]
[EventType "swiss"]
[EventRounds "5"]
[EventCountry "ENG"]
[SourceTitle "BritBase"]
[Source "John Saunders"]
[SourceDate "2025.07.10"]
[SourceVersion "1"]
[SourceVersionDate "2025.07.10"]
[SourceQuality "1"]

1. d4 Nf6 2. c4 g6 3. Nc3 Bg7 4. e4 d6 5. Be2 O-O 6. Be3 Nc6 7. d5 Nb8 8. Qc2 e6 9. h3 c5 10. Nf3 exd5 11. cxd5 a6 12. a4 Re8 13. Nd2 Nbd7 14. O-O b6 15. Rfe1 Bb7 16. Bc4 h6 17. Bf4 Ne5 18. Be2 Nfd7 19. Bh2 g5 20. Ra3 Nf8 21. Nf1 Nfg6 22. Ne3 Bc8 23. Nb1 Bd7 24. Nc3 Nf4 25. Nc4 Nxc4 26. Bxc4 Be5 27. Ne2 b5 28. Nxf4 gxf4 29. Be2 bxa4 30. Qd2 Qg5 31. Rf3 Rab8 32. Bxf4 Bxf4 33. Qxf4 Qxf4 34. Rxf4 Rxb2 35. Bh5 Re7 36. Ra1 Kg7 37. e5 dxe5 38. Rc4 Bb5 39. Rxc5 Rd2 40. Bg4 e4 41. Ra3 Rd3 42. Ra1 Re5 43. Rc7 Rdxd5 44. f4 Rc5 45. Rb7 Re8 46. Rd1 a3 47. Ra1 e3 48. Rxa3 e2 49. Bxe2 Rxe2 50. Rg3+ Kf6 51. Ra3 Rc1+ 52. Kh2 Bc6 0-1

[Event "Crewe Open"]
[Site "Crewe"]
[Date "2025.06.28"]
[Round "2.18"]
[White "Turner, Lewis A"]
[Black "Anjulan, Ashwin"]
[Result "1/2-1/2"]
[WhiteElo "1996"]
[BlackElo "1826"]
[PlyCount "57"]
[EventDate "2025.06.27"]
[EventType "swiss"]
[EventRounds "5"]
[EventCountry "ENG"]
[SourceTitle "BritBase"]
[Source "John Saunders"]
[SourceDate "2025.07.10"]
[SourceVersion "1"]
[SourceVersionDate "2025.07.10"]
[SourceQuality "1"]

1. e4 e6 2. d4 d5 3. e5 c5 4. c3 Nc6 5. Nf3 Bd7 6. Na3 Nge7 7. Nc2 Nf5 8. Bd3 cxd4 9. cxd4 Be7 10. Bd2 f6 11. O-O O-O 12. Re1 fxe5 13. dxe5 Qb6 14. Bxf5 Rxf5 15. Be3 Bc5 16. Bxc5 Qxc5 17. Ncd4 Rf4 18. Rc1 Qb6 19. Nb3 Qd8 20. Qd2 Rf8 21. Nfd4 Qh4 22. g3 Qg4 23. Nxc6 bxc6 24. Qd4 Qf5 25. Na5 Rab8 26. b4 Rxb4 27. Qxb4 Qxf2+ 28. Kh1 Qf3+ 29. Kg1 1/2-1/2

[Event "Crewe Open"]
[Site "Crewe"]
[Date "2025.06.28"]
[Round "2.19"]
[White "Mize, Dylan"]
[Black "Ackley, Peter JE"]
[Result "0-1"]
[WhiteElo "1794"]
[BlackElo "1976"]
[PlyCount "88"]
[EventDate "2025.06.27"]
[EventType "swiss"]
[EventRounds "5"]
[EventCountry "ENG"]
[SourceTitle "BritBase"]
[Source "John Saunders"]
[SourceDate "2025.07.10"]
[SourceVersion "1"]
[SourceVersionDate "2025.07.10"]
[SourceQuality "1"]

1. d4 d6 2. Nf3 g6 3. Bg5 Bg7 4. e3 Nf6 5. Nbd2 O-O 6. Bc4 b6 7. O-O Bb7 8. c3 Nbd7 9. Re1 Qe8 10. Qc2 Kh8 11. e4 e5 12. dxe5 dxe5 13. b4 h6 14. Bh4 Nh5 15. Bf1 f5 16. exf5 gxf5 17. Nd4 Qg6 18. Nb5 Nf4 19. Bg3 Nxg2 20. Bxg2 Bxg2 21. Kxg2 Qc6+ 22. Kg1 Qxb5 23. Nf3 e4 24. Nh4 Qc6 25. b5 Qe6 26. Ng2 Ne5 27. Nf4 Nf3+ 28. Kh1 Nxe1 29. Rxe1 Qf7 30. Bh4 Be5 31. Qd2 Kh7 32. Rd1 Rg8 33. Bg3 Rad8 34. Qxd8 Rxd8 35. Rxd8 Bxf4 36. Bxf4 Qc4 37. Kg2 Qxc3 38. Be3 f4 39. Rd7+ Kg6 40. Bd4 Qf3+ 41. Kf1 e3 42. Rg7+ Kh5 43. Bxe3 fxe3 44. Rf7 Qxf7 0-1

[Event "Crewe Open"]
[Site "Crewe"]
[Date "2025.06.28"]
[Round "2.21"]
[White "Zachariassen, Bjarne"]
[Black "Woozeer, Seth"]
[Result "1/2-1/2"]
[WhiteElo "1945"]
[BlackElo "1711"]
[PlyCount "57"]
[EventDate "2025.06.27"]
[EventType "swiss"]
[EventRounds "5"]
[EventCountry "ENG"]
[SourceTitle "BritBase"]
[Source "John Saunders"]
[SourceDate "2025.07.10"]
[SourceVersion "1"]
[SourceVersionDate "2025.07.10"]
[SourceQuality "1"]

1. e4 c5 2. Nf3 Nc6 3. c3 d5 4. exd5 Qxd5 5. d4 cxd4 6. cxd4 e5 7. Nc3 Bb4 8. Bd2 Bxc3 9. Bxc3 e4 10. Ne5 Nxe5 11. dxe5 Ne7 12. Qxd5 Nxd5 13. Bb5+ Bd7 14. Bxd7+ Kxd7 15. O-O-O Ke6 16. Rhe1 Nxc3 17. bxc3 Rac8 18. Rxe4 Rxc3+ 19. Kb2 Rhc8 20. Re2 R3c5 21. f4 Rb5+ 22. Ka1 Rc4 23. g3 Kf5 24. Red2 Rc7 25. Rd7 Rbc5 26. R1d2 Ke6 27. R2d6+ Kf5 28. Rd2 Ke6 29. R2d6+ 1/2-1/2

[Event "Crewe Open"]
[Site "Crewe"]
[Date "2025.06.28"]
[Round "2.22"]
[White "Dissanayake, Sathsara"]
[Black "Duxbury, Craig"]
[Result "1/2-1/2"]
[WhiteElo "1709"]
[BlackElo "2261"]
[PlyCount "76"]
[EventDate "2025.06.27"]
[EventType "swiss"]
[EventRounds "5"]
[EventCountry "ENG"]
[SourceTitle "BritBase"]
[Source "John Saunders"]
[SourceDate "2025.07.10"]
[SourceVersion "1"]
[SourceVersionDate "2025.07.10"]
[SourceQuality "1"]

1. e4 Nf6 2. e5 Nd5 3. c4 Nb6 4. d4 d6 5. f4 g6 6. Nf3 Bg7 7. Nc3 O-O 8. Be2 Be6 9. b3 Bg4 10. h3 Bxf3 11. Bxf3 c6 12. Be3 d5 13. c5 Nc8 14. O-O f5 15. g4 e6 16. g5 b5 17. b4 a5 18. a3 a4 19. h4 Kf7 20. Kg2 Rh8 21. h5 Na6 22. hxg6+ hxg6 23. Rh1 Nc7 24. Qe2 Na7 25. Rxh8 Qxh8 26. Rh1 Qg8 27. Rh3 Ke7 28. Qf1 Rf8 29. Qh1 Kd8 30. Ne2 Qf7 31. Ng1 Qe8 32. Ne2 Nc8 33. Ng3 Ne7 34. Nf1 Rh8 35. Nd2 Rxh3 36. Qxh3 Qh8 37. Nb1 Qxh3+ 38. Kxh3 Kd7 1/2-1/2

[Event "Crewe Open"]
[Site "Crewe"]
[Date "2025.06.28"]
[Round "2.23"]
[White "Jackson, Oliver A"]
[Black "Layhe, Simon"]
[Result "1-0"]
[WhiteElo "2054"]
[BlackElo "1910"]
[PlyCount "67"]
[EventDate "2025.06.27"]
[EventType "swiss"]
[EventRounds "5"]
[EventCountry "ENG"]
[SourceTitle "BritBase"]
[Source "John Saunders"]
[SourceDate "2025.07.10"]
[SourceVersion "1"]
[SourceVersionDate "2025.07.10"]
[SourceQuality "1"]

1. e4 c6 2. d4 d5 3. Nc3 dxe4 4. Nxe4 Nf6 5. Nxf6+ exf6 6. c3 Bd6 7. Bd3 O-O 8. Ne2 Re8 9. Qc2 h5 10. Be3 Nd7 11. O-O-O Nf8 12. h3 Qa5 13. Kb1 b5 14. g4 h4 15. g5 Rxe3 16. fxe3 fxg5 17. e4 f6 18. Rdf1 Be6 19. b3 c5 20. e5 Be7 21. Bf5 Bd5 22. Be4 Rd8 23. Bxd5+ Rxd5 24. Qe4 Qd8 25. c4 bxc4 26. bxc4 Rxd4 27. Nxd4 cxd4 28. exf6 Bxf6 29. Qd5+ Qxd5 30. cxd5 Nd7 31. Rc1 Nb6 32. d6 Be5 33. Rc6 Kf7 34. Re1 1-0

[Event "Crewe Open"]
[Site "Crewe"]
[Date "2025.06.28"]
[Round "2.25"]
[White "Larchikov, Maksym"]
[Black "Vaidyanathan, Sathya"]
[Result "1/2-1/2"]
[WhiteElo "2032"]
[BlackElo "1878"]
[PlyCount "50"]
[EventDate "2025.06.27"]
[EventType "swiss"]
[EventRounds "5"]
[EventCountry "ENG"]
[SourceTitle "BritBase"]
[Source "John Saunders"]
[SourceDate "2025.07.10"]
[SourceVersion "1"]
[SourceVersionDate "2025.07.10"]
[SourceQuality "1"]

1. d4 d5 2. c4 e6 3. Nc3 Nf6 4. Bg5 c6 5. e3 Be7 6. Qc2 Nbd7 7. Nf3 O-O 8. Rd1 b6 9. Bd3 h6 10. Bh4 Bb7 11. O-O Re8 12. Ne5 Nxe5 13. dxe5 Ng4 14. Bg3 Bh4 15. Bf4 g5 16. Qe2 Nxf2 17. Rxf2 Bxf2+ 18. Qxf2 gxf4 19. exf4 f5 20. cxd5 cxd5 21. Nb5 Qe7 22. Nd6 Red8 23. Qf3 Rxd6 24. exd6 Qxd6 25. Re1 Rb8 1/2-1/2